000 00417nam a22001577a 4500
999 _c60524
_d60524
005 20230811145849.0
008 230811s1976 pl ||||| |||| 00| 0 Pau d
020 _a9631310140
041 _apau
080 _a902/904 P-78
100 _aPoczy, Klara
_919664
245 _aPannoniai Varosok /
_cKlara Poczy.
264 _a Budapest :
_bAthenaeum Nyomda,
_c1976.
300 _a92 p. :
_bill.;
_c28 cm.
942 _2udc
_cBK